<?xml version="1.0" encoding="UTF-8"?>
<record
    xmlns:xsi="http://www.w3.org/2001/XMLSchema-instance"
    xsi:schemaLocation="http://www.loc.gov/MARC21/slim http://www.loc.gov/standards/marcxml/schema/MARC21slim.xsd"
    xmlns="http://www.loc.gov/MARC21/slim">

  <leader>00984cam a22002531  4500</leader>
  <controlfield tag="001">sd 40000092 </controlfield>
  <controlfield tag="003">DLC</controlfield>
  <controlfield tag="005">20260227112733.0</controlfield>
  <controlfield tag="008">810108s1936    ii ab    b    000 0 fre c</controlfield>
  <datafield tag="010" ind1=" " ind2=" ">
    <subfield code="a">sd 40000092 </subfield>
  </datafield>
  <datafield tag="035" ind1=" " ind2=" ">
    <subfield code="a">(OCoLC)7051278</subfield>
  </datafield>
  <datafield tag="040" ind1=" " ind2=" ">
    <subfield code="a">U.S. Dept. of State. Libr.</subfield>
    <subfield code="c">OCl</subfield>
    <subfield code="d">DLC</subfield>
  </datafield>
  <datafield tag="042" ind1=" " ind2=" ">
    <subfield code="a">premarc</subfield>
  </datafield>
  <datafield tag="050" ind1="0" ind2="0">
    <subfield code="a">D21.5</subfield>
    <subfield code="b">.R6</subfield>
  </datafield>
  <datafield tag="100" ind1="1" ind2=" ">
    <subfield code="a">R&#xF3;nai, Andr&#xE1;s.</subfield>
  </datafield>
  <datafield tag="245" ind1="1" ind2="0">
    <subfield code="a">Biographie des fronti&#xE8;res politiques du centre-est europ&#xE9;en;</subfield>
    <subfield code="b">&#xE9;tude politico-g&#xE9;ographique consacr&#xE9;e &#xE0; l'histoire des fronti&#xE8;re,</subfield>
    <subfield code="c">par Andr&#xE9; R&#xF3;nai ...</subfield>
  </datafield>
  <datafield tag="260" ind1=" " ind2=" ">
    <subfield code="a">Budapest,</subfield>
    <subfield code="b">&#xC9;dition de l'Institut des sciences politiques de la Soci&#xE9;t&#xE9; hongroise de statistique</subfield>
    <subfield code="a">[Karcag,</subfield>
    <subfield code="b">Kertesz-J&#xF3;zef k&#xF6;nyvnyomd&#xE1;ja]</subfield>
    <subfield code="c">1936.</subfield>
  </datafield>
  <datafield tag="300" ind1=" " ind2=" ">
    <subfield code="a">iv, 140 p.</subfield>
    <subfield code="b">illus. (incl. maps) diagrs.</subfield>
    <subfield code="c">24 cm.</subfield>
  </datafield>
  <datafield tag="500" ind1=" " ind2=" ">
    <subfield code="a">Maps on lining papers.</subfield>
  </datafield>
  <datafield tag="504" ind1=" " ind2=" ">
    <subfield code="a">Bibliography: p. [133]-140.</subfield>
  </datafield>
  <datafield tag="651" ind1=" " ind2="0">
    <subfield code="a">Europe</subfield>
    <subfield code="x">Historical geography.</subfield>
  </datafield>
  <datafield tag="650" ind1=" " ind2="0">
    <subfield code="a">Boundaries.</subfield>
  </datafield>
  <datafield tag="651" ind1=" " ind2="0">
    <subfield code="a">Europe</subfield>
    <subfield code="x">Politics and government.</subfield>
  </datafield>
  <datafield tag="999" ind1=" " ind2=" ">
    <subfield code="c">89843</subfield>
    <subfield code="d">89843</subfield>
  </datafield>
</record>
